LEADER 01304nam a2200253 i 4500 001 000000223044 003 CaOOAMICUS 005 20131003000000.0 008 131003s2012 it u000 u ita u 013 $a201941 040 $aSeMil$bita 100 0 $aBenedictus XVI,$c.$0(OLS)http://semarc/name/298 245 10$aOra Terza :$bpresieduta dal Santo Padre Benedetto 16. Raduno del Clero, dei Religiosi, delle Religiose e delle Consacrate. Duomo di Milano, 2 giugno 2012. 7. Incontro Mondiale delle Famiglie. 260 $aMilano :$b[s.n.],$c2012$e(Milano :$fGrafiche Boniardi,$g2012) 300 $a31 p. ;$c21 cm. 650 4$aFamiglia - Incontro mondiale <7. ; 2012 ; Milano>.$0(OLS)http://semarc/subject/40213 850 $aSeMil 852 $aSeMil$W1$xVenegono$y1$m5D VII 23/5$j173390$B173390$CSeMilBibl$Z2$F183759 $81 900 1 $aRatzinger, Joseph,$d<1927-2022>. 900 0 $aBenedetto XVI$c. 996 $6245$aOra Terza :$bpresieduta dal Santo Padre Benedetto 16. Raduno del Clero, dei Religiosi, delle Religiose e delle Consacrate. Duomo di Milano, 2 giugno 2012. 7. Incontro Mondiale delle Famiglie$9(OLS)http://semarc/title/319894 996 $6260$aMilano :$b[s.n.]$9(OLS)http://semarc/publisher/29709 LEADER 01098nam a2200265 i 4500 001 000000065636 003 CaOOAMICUS 005 20150609000000.0 008 150609s1994 it u000 u ita u 013 $a36808 020 $a88-7770-389-X 040 $aSeMil$bita 100 1 $aFertilio, Dario,$d<1949- >.$0(OLS)http://semarc/name/32989 245 13$aLe notizie del diavolo :$bla parabola ignota della disinformazione /$cDario Fertilio. 260 $aMilano :$bSpirali/Vel,$ccopyr. 1994. 300 $a361 p. ;$c21 cm. 490 0 $aL'alingua ;$v113 650 4$aMezzi di comunicazione.$0(OLS)http://semarc/subject/6419 830 2$aL'alingua ;$v113.$0(OLS)http://semarc/title/11272 850 $aSeMil 852 $aSeMil$W1$xVenegono$y1$m3N III 432$j31789$B31789$CSeMilBibl$Z2$F31792 $81 961 $aOmaggio: Aceti don Guido 996 $6020$a88-7770-389-X$9(OLS)http://semarc/number/43032 996 $6245$aLe notizie del diavolo :$bla parabola ignota della disinformazione$9(OLS)http://semarc/title/104203 996 $6260$aMilano :$bSpirali/Vel$9(OLS)http://semarc/publisher/32368